000 00288 a2200121 4500
001 153936
040 _cEscola São Tomás de Aquino
240 1 0 _aA cigarra e a formiga
_lpor
245 1 0 _aA cigarra e a formiga
440 1 _aTorá Kids
697 _a*LITERATURA INFANTIL
942 _cBK
999 _c153936
_d153936